000 00339nam a2200133Ia 4500
008 240624s9999 xx 000 0 und d
041 _aeng
082 _a828 MAC
100 _aMACUR JULIET
245 _aCYCLE OF LIES THE FALL OF LANCE ARMSTRON
260 _c2014
_aLondon
_bWilliam Collins
300 _a459 : p. : cm. ; 20
365 _cRS
999 _c24685
_d24685